Statistics for 5 Largest cities in Delaware

Click here to take the quiz!

General Stats

  • This quiz has been taken 6 times
  • The average score is 3 of 5

Answer Stats

Rank Answer % Correct
1Wilmington
100%
2Dover
100%
5Smyrna
60%
3Newark
40%
4Middleton
0%

Score Distribution

Percentile by Number Answered

Percent of People with Each Score

Your Score History

You have not taken this quiz